000 00756nam a2200193Ii 4500
003 JO-AjNU
008 230605s9999||||xx |||||||||||||| ||und||
040 _aJO-AjNU
_bara
_erda
_cJO-AjNU
041 _aara
050 1 4 _aHC 533.M83 1997
100 3 _aاسماعيل، محمد محروس,
_eauthor
_952781
245 0 0 _aقضايا اقتصادية معاصرة
264 3 1 _aالاسكندرية: جامعة الاسكندرية قسم الاقتصاد، 1997
300 _a294ص
_bيحتوي على ببلوغرافية ص 294
336 _atext
_btxt
_2rdacontent
337 _aunmediated
_bn
_2rdamedia
338 _avolume
_bnc
_2rdacarrier
650 4 _aلتنمية الاقتصادية - العلاقات الاقتصادية الدولية
_952782
999 _aA23401
_c26969
_d26969